000 00313cam a22001217a 4500
008 180718b1973 xxu||||| |||| 00| 0 eng d
082 _aA99 R13c
100 _aMangat, E.M.
245 _aCommitment my style
_cby E.N. Mangat
260 _aDelhi
_bVikas
_c1973
300 _a275p.
650 _aRai, E.N. Mangat, 1915--
999 _c352045
_d352045